00402nam a2200133 a 450000500170000000800410001702000150005805000210007310000180009424500810011226000340019330000210022765000200024820140310183225.0040308s19uu xx 00 eng d a0671698389 aPZ 7b.C522 1989 aCherryh, C.J. aThe sword of knowledge book II :cC.J. Cherryh; Leslie Fish.bwizard spawn / aNew York :bBaen Pub.,c1989. a393 p. : c17cm. aFantasy Fiction